Statistics for All WWE United States Champions

Click here to take the quiz!

General Stats

  • This quiz has been taken 1,649 times
    (907 since last reset)
  • The average score is 50 of 81

Answer Stats

HintAnswer% Correct
Night of Champions 2015John Cena
97%
WrestleMania 20John Cena
97%
No Mercy 2004John Cena
97%
SmackdownJohn Cena
97%
WrestleMania 31John Cena
97%
RawSeth Rollins
92%
Summerslam 2015Seth Rollins
92%
Extreme Rules 2013Dean Ambrose
83%
Clash of Champions 2016Roman Reigns
83%
RawThe Miz
82%
RawThe Miz
82%
Money In The Bank 2022Bobby Lashley
80%
Payback 2020Bobby Lashley
80%
RawRey Mysterio
80%
Money In The Bank 2019Rey Mysterio
80%
SmackdownBobby Lashley
79%
Fastlane 2018Randy Orton
79%
No Mercy 2003Big Show
77%
WrestleMania 37 Night 2Sheamus
77%
Battleground 2017Kevin Owens
76%
Smackdown LiveKevin Owens
76%
WrestleMania 33Kevin Owens
76%
RawAustin Theory
75%
Survivor Series: War Games 2022Austin Theory
75%
Clash of Champions 2017Dolph Ziggler
74%
Capitol Punishment 2011Dolph Ziggler
74%
RawSheamus
72%
RawSheamus
72%
RawChris Jericho
71%
Payback 2017Chris Jericho
71%
Extreme Rules 2019AJ Styles
70%
Smackdown LiveAJ Styles
70%
House ShowAJ Styles
70%
RawJeff Hardy
69%
Backlash 2008Matt Hardy
67%
Smackdown LiveRusev
67%
Raw Backstage PassRusev
67%
Extreme Rules 2016Rusev
67%
RawKofi Kingston
66%
Extreme Rules 2011Kofi Kingston
66%
RawKofi Kingston
66%
SmackdownAlberto Del Rio
60%
Hell in a Cell 2015Alberto Del Rio
60%
WrestleMania 22JBL
58%
Vengeance 2003Eddie Guerrero
57%
Judgement Day 2007MVP
57%
SmackdownMVP
57%
Night of Champions 2010Daniel Bryan
56%
RawFinn Balor
56%
SmackdownChris Benoit
55%
No Way Out 2006Chris Benoit
55%
Summerslam 2005Chris Benoit
55%
WrestleMania 34Jinder Mahal
55%
Royal Rumble 2019Shinsuke Nakamura
55%
Smackdown LiveR-Truth
50%
RawR-Truth
50%
RawJack Swagger
49%
Extreme Rules 2018Shinsuke Nakamura
49%
SmackdownCarlito
47%
RawSamoa Joe
47%
Smackdown LiveSamoa Joe
47%
Summerslam 2012Antonio Cesaro
46%
Summerslam 2021Damian Priest
46%
SmackdownBooker T
44%
SmackdownBooker T
44%
SmackdownBooker T
44%
Elimination Chamber 2020Riddle
44%
TLC 2011Zack Ryder
43%
Stomping Grounds 2019Ricochet
40%
Great American Bash 2008Shelton Benjamin
40%
RawKalisto
39%
Royal Rumble 2016Kalisto
39%
Hell in a Cell 2017Baron Corbin
38%
SmackdownOrlando Jordan
37%
Smackdown LiveBobby Roode
34%
RawApollo Crews
33%
RawSantino Marella
33%
Live EventAndrade
30%
RawBret Hart
28%
SmackdownFinlay
28%
SmackdownMr Kennedy
24%

Score Distribution

Percentile by Number Answered

Percent of People with Each Score

Your Score History

You have not taken this quiz since the last reset